000
00304nam a2200133Ia 4500
005
20251222140108.0
008
251222s1900||||xx |||||||||||||| ||spa||
020
_a
0717281051
082
_a
133.43/W58
100
_a
Wilson, Colin
245
0
_a
Seres con poderes ocultos
264
_b
Noguer
942
_c
LIB
999
_c
4192
_d
4192